Central Library OPAC University of Rajshahi

The torment of secrecy : (Record no. 5121)

MARC details
000 -LEADER
fixed length control field 00814cam a22002531a 4500
001 - CONTROL NUMBER
control field 5121
003 - CONTROL NUMBER IDENTIFIER
rucl marc code BD-RjUL
005 - DATE AND TIME OF LATEST TRANSACTION
control field 20211208234019.0
008 - FIXED-LENGTH DATA ELEMENTS--GENERAL INFORMATION
fixed length control field 131224s1956 ilu 000 0 eng
035 ## - SYSTEM CONTROL NUMBER
System control number (BD-RjUL)5157
040 ## - CATALOGING SOURCE
Original cataloging agency DLC
Transcribing agency DLC
Modifying agency BD-RjUL
Language of cataloging eng
041 ## - LANGUAGE CODE
Language code of text/sound track or separate title eng
082 00 - DEWEY DECIMAL CLASSIFICATION NUMBER
Classification number 351.75
Author mark and year SHT 1956
100 1# - MAIN ENTRY--PERSONAL NAME
Personal name Shils, Edward
Dates associated with a name 1910-1995.
9 (RLIN) 16126
245 14 - TITLE STATEMENT
Title The torment of secrecy :
Remainder of title the background and consequences of American security policies /
Statement of responsibility, etc. Edward A. Shils.
260 ## - PUBLICATION, DISTRIBUTION, ETC. (IMPRINT)
Place of publication, distribution, etc. Melbouene ; London :
Name of publisher, distributor, etc. Free Press,
Date of publication, distribution, etc. 1956
300 ## - PHYSICAL DESCRIPTION
Pagination 238 p. ;
Size 22 cm.
650 #0 - SUBJECT ADDED ENTRY--TOPICAL TERM
Topical term or geographic name as entry element Internal security
Geographic subdivision United States.
9 (RLIN) 16127
Topical term or geographic name as entry element Communism
Geographic subdivision United States.
9 (RLIN) 10417
651 #0 - SUBJECT ADDED ENTRY--GEOGRAPHIC NAME
Geographic name United States
General subdivision Politics and government
Chronological subdivision 1933-1953.
9 (RLIN) 13841
942 ## - ADDED ENTRY ELEMENTS (KOHA)
Source of classification or shelving scheme Dewey Decimal Classification
Koha item type Books
Holdings
Lost status Source of classification or shelving scheme Damaged status Not for loan Collection code Permanent Location Current Location Shelving location Date acquired Source of acquisition Cost, normal purchase price Total Checkouts Full call number Date last seen Copy number Koha item type
  Dewey Decimal Classification     Non-fiction Central Library, University of Rajshahi Central Library, University of Rajshahi   21/12/1970 Swets & Zeitlinger. 15.00   351.75 SHT 1956 24/12/2013 C-2 Books
  Dewey Decimal Classification   Not For Loan Non-fiction Central Library, University of Rajshahi Central Library, University of Rajshahi   26/02/1964 Zeitlinger 38.00   351.75 SHT 1956 26/12/2013 C-1 Books